| 000 | 00738nam a2200241 a 4500 | ||
|---|---|---|---|
| 001 | 59135 | ||
| 003 | BD-RjUL | ||
| 005 | 20211209080710.0 | ||
| 008 | 161221s2005 enka 001 0 eng d | ||
| 020 | _a0415204402 (pbk.) | ||
| 035 | _a(BD-RjUL)59259 | ||
| 040 |
_aBD-RjUL _beng _cBD-RjUL |
||
| 041 | _aeng | ||
| 082 |
_223 _a940.3 _bMOG 2005 |
||
| 100 | 1 |
_aMorrow, John Howard, _d1944- _9175831 |
|
| 245 | 1 | 4 |
_aThe Great War : _ban imperial history / _cby John H. Morrow. |
| 260 |
_aLondon : _bRoutledge, _c2005 |
||
| 300 |
_axvi, 352 p. : _bill. ; _c24 cm. |
||
| 504 | _aIncludes bibliography (p. [333]-347) and index. | ||
| 650 | 0 |
_aWorld War, 1914-1918. _9175832 |
|
| 650 | 0 |
_aWorld War, 1914-1918 _xCauses. _9175833 |
|
| 942 |
_2ddc _cBK |
||
| 999 |
_c59135 _d59135 |
||